Fragen aus der Wissenschaft - Buchstabe L - Statistiken

Allgemein
  • Dieses Quiz wurde 168 mal gespielt
  • Das Durchschnittsergebnis liegt bei 9 aus 20
Antwortstatistiken
Hinweis Antwort % Korrekt
Leichtmetall zur Herstellung von Batterien Lithium
93%
Astronomische Längeneinheit Lichtjahr
83%
Lehre vom folgerichtigen Denken Logik
80%
Wissenschaft und Behandlung von Sprachstörungen Logopädie
80%
Verleger und Erfinder einer Anschlagsäule für Plakate Ernst Litfaß
77%
Freies, quelloffenes Betriebssystem - Pinguin Tux Linux
72%
Energie oder Arbeit pro Zeit - Einheit: Watt Leistung
69%
Weißes Blutkörperchen für die Immunantwort Leukozyt
51%
SI-Einheit für den Lichtstrom Lumen
50%
Deutscher Universalgelehrter, Mathematiker, Philosoph Gottfried Wilhelm Leibniz
36%
Lichtverstärkung durch stimulierte Emission von Strahlung Laser
32%
Deutscher Luftfahrtpionier, erster belegter Flug Otto Lilienthal
31%
Französische Erfinder von Filmkamera und -projektor Gebrüder Lumière
18%
Sensor zur katalytischen Abgasreinigung im Auto Lambdasonde
18%
Deutscher Pionier der Kälte- und der Tieftemperaturtechnik Carl von Linde
13%
Schwedischer Naturforscher - Taxonomie Carl von Linné
13%
Deutscher Chemiker - Mineraldünger, Fleischextrakt Justus von Liebig
11%
Biopolymer in den Zellwänden verholzter Pflanzen Lignin
11%
Gruppenbezeichnung für Metalle der seltenen Erden Lanthanoide
10%
Englischer Philosoph - Vater des Liberalismus John Locke
9%
Keine übereinstimmenden Quizze gefunden
Verteilung der Resultate
Anzahl Personen mit jedem Resultat
Perzentil nach korrekt beantworteten Fragen
Ihre Resultats-Entwicklung
Sie haben dieses Quiz noch nicht gespielt